Sports Quiz

Random Sports or NHL Quiz

NHL 2016 Playoff Stats Leaders Quiz Stats

 Plays Quiz not verified by Sporcle

Also try: Top 100 UEFA Clubs
Challenge
Share
Tweet
Embed
Score 0/296 Timer 20:00
0 Plays Today
Hint Answer % Correct
GoalsSidney Crosby
97.4%
AssistsSidney Crosby
97.4%
PointsSidney Crosby
97.4%
SOGSideny Crosby
97.4%
TakeawaysSidney Crosby
97.4%
Faceoff WinsSidney Crosby
97.4%
Overtime GoalsSidney Crosby
97.4%
GoalsJoe Pavelski
97%
AssistsJoe Pavelski
97%
PointsJoe Pavelski
97%
SOGJoe Pavelski
97%
HitsJoe Pavelski
97%
Faceoff WinsJoe Pavelski
97%
AssistsJoe Thornton
96.2%
PointsJoe Thornton
96.2%
TakeawaysJoe Thornton
96.2%
Faceoff WinsJoe Thornton
96.2%
GoalsPhil Kessel
95.7%
AssistsPhil Kessel
95.7%
PointsPhil Kessel
95.7%
SOGPhil Kessel
95.7%
GoalsBrent Burns
94.9%
GoalsEvgeni Malkin
94.9%
AssistsBrent Burns
94.9%
AssistsEvgeni Malkin
94.9%
PointsBrent Burns
94.9%
PointsEvgeni Malkin
94.9%
+/-Brent Burns
94.9%
PIMEvgeni Malkin
94.9%
P/GPBrent Burns
94.9%
SOGBrent Burns
94.9%
SOGEvgeni Malkin
94.9%
TOI/GPBrent Burns
94.9%
BlocksBrent Burns
94.9%
TakeawaysEvgeni Malkin
94.9%
Faceoff WinsEvgeni Malkin
94.9%
AssistsKris Letang
94.5%
PointsKris Letang
94.5%
+/-Kris Letang
94.5%
PIMKris Letang
94.5%
SOGKris Letang
94.5%
TOI/GPKris Letang
94.5%
HitsKris Letang
94.5%
BlocksKris Letang
94.5%
TakeawaysKris Letang
94.5%
GoalsVladimir Tarasenko
92.8%
PointsVladimir Tarasenko
92.8%
SOGVladimir Tarasenko
92.8%
GoalsNikita Kucherov
91.9%
GoalsLogan Couture
91.9%
AssistsLogan Couture
91.9%
PointsLogan Couture
91.9%
PointsNikita Kucherov
91.9%
+/-Nikita Kucherov
91.9%
P/GPLogan Couture
91.9%
P/GPNikita Kucherov
91.9%
SOGLogan Couture
91.9%
SOGNikita Kucherov
91.9%
TakeawaysLogan Couture
91.9%
Faceoff WinsLogan Couture
91.9%
P/GPAlex Ovechkin
91.1%
SOGAlex Ovechkin
91.1%
HitsAlex Ovechkin
91.1%
GoalsJohn Tavares
88.5%
P/GPJohn Tavares
88.5%
Faceoff WinsJohn Tavares
88.5%
Overtime GoalsJohn Tavares
88.5%
GoalsTyler Johnson
88.1%
AssistsTyler Johnson
88.1%
PointsTyler Johnson
88.1%
+/-Tyler Johnson
88.1%
P/GPTyler Johnson
88.1%
Faceoff WinsTyler Johnson
88.1%
Overtime GoalsTyler Johnson
88.1%
AssistsJamie Benn
87.2%
PointsJamie Benn
87.2%
P/GPJamie Benn
87.2%
AssistsNicklas Backstrom
86%
HitsPatrick Marleau
86%
Faceoff WinsNicklas Backstrom
86%
AssistsVictor Hedman
85.5%
PointsVictor Hedman
85.5%
SOGVictor Hedman
85.5%
TOI/GPVictor Hedman
85.5%
BlocksVictor Hedman
85.5%
Faceoff WinsJonathan Toews
82.1%
GoalsDavid Backes
81.7%
PointsDavid Backes
81.7%
HitsDavid Backes
81.7%
Overtime GoalsDavid Backes
81.7%
TOI/GPDuncan Keith
81.3%
TOI/GPAlex Pietrangelo
81.3%
BlocksAlex Pietrangelo
81.3%
TakeawaysAlex Pietrangelo
81.3%
P/GPPatrick Kane
80.9%
Overtime GoalsPatrick Kane
80.9%
GoalsPatric Hornqvist
80.4%
SOGPatric Hornqvist
80.4%
HitsPatric Hornqvist
80.4%
Hint Answer % Correct
BlocksPatric Hornqvist
80.4%
Overtime GoalsPatric Hornqvist
80.4%
GAABen Bishop
80.4%
SV%Ben Bishop
80.4%
GAARoberto Luongo
80%
SV%Roberto Luongo
80%
GAABraden Holtby
79.6%
GAAMatt Murray
79.6%
SV%Braden Holtby
79.6%
SV%Matt Murray
79.6%
GAAMartin Jones
79.1%
SV%Martin Jones
79.1%
GAACorey Crawford
78.7%
SV%Corey Crawford
78.7%
GoalsCarl Hagelin
78.3%
AssistsNick Bonino
78.3%
AssistsMarc-Edouard Vlasic
78.3%
AssistsCarl Hagelin
78.3%
PointsNick Bonino
78.3%
PointsCarl Hagelin
78.3%
+/-Marc-Edouard Vlasic
78.3%
+/-Nick Bonino
78.3%
+/-Carl Hagelin
78.3%
SOGCarl Hagelin
78.3%
TOI/GPRyan Suter
78.3%
BlocksMarc-Edouard Vlasic
78.3%
BlocksNick Bonino
78.3%
Faceoff WinsNick Bonino
78.3%
Overtime GoalsNick Bonino
78.3%
PIMShea Weber
77.9%
TOI/GPShea Weber
77.9%
TOI/GPAaron Ekblad
77.9%
TOI/GPBrent Seabrook
77.4%
GoalsT.J. Oshie
76.6%
PIMAlexander Steen
76.6%
TOI/GPDrew Doughty
76.6%
TakeawaysAlexander Steen
76.6%
Overtime GoalsT.J. Oshie
76.6%
GAAPekka Rinne
75.3%
GoalsTomas Hertl
74.9%
+/-Tomas Hertl
74.9%
SOGTomas Hertl
74.9%
TakeawaysTomas Hertl
74.9%
SV%Pekka Rinne
74.9%
AssistsKevin Shattenkirk
73.2%
PIMKevin Shattenkirk
73.2%
HitsOndrej Palat
73.2%
BlocksKevin Shattenkirk
73.2%
SOGChris Kunitz
72.8%
HitsChris Kunitz
72.8%
GAAJake Allen
72.8%
SOGRoman Josi
71.9%
TOI/GPRoman Josi
71.9%
BlocksRoman Josi
71.9%
P/GPArtemi Panarin
71.5%
Rookie PointsArtemi Panarin
71.5%
GAAPetr Mrazek
71.5%
GAABrian Elliott
71.5%
SV%Petr Mrazek
71.5%
SV%Brian Elliott
71.5%
P/GPJohn Carlson
70.6%
SOGJohn Carlson
70.6%
TOI/GPJohn Carlson
70.6%
SV%John Gibson
70.6%
P/GPJason Spezza
70.2%
TakeawaysConor Sheary
70.2%
Rookie PointsConor Sheary
70.2%
Overtime GoalsConor Sheary
70.2%
GoalsJoel Ward
69.8%
GAAFredrik Andersen
69.4%
SV%Frederik Andersen
69.4%
TOI/GPAleksander Barkov
68.9%
GAAKari Lehtonen
68.1%
GAAThomas Greiss
67.7%
SV%Thomas Greiss
67.7%
+/-Paul Martin
66.8%
HitsMatt Martin
66.8%
BlocksPaul Martin
66.8%
GoalsBryan Rust
65.5%
+/-Bryan Rust
65.5%
Rookie PointsBryan Rust
65.5%
AssistsRobby Fabbri
64.3%
AssistsJaden Schwartz
64.3%
PointsRobby Fabbri
64.3%
PointsJaden Schwartz
64.3%
TakeawaysRobby Fabbri
64.3%
Rookie PointsRobby Fabbri
64.3%
AssistsPaul Stastny
63.8%
TakeawaysPaul Stastny
63.8%
Faceoff WinsPaul Stastny
63.8%
Overtime GoalsMikko Koivu
63.8%
+/-Riley Smith
63.4%
P/GPReilly Smith
63.4%
GoalsJoonas Donskoi
62.6%
TakeawaysJoonas Donskoi
62.6%
Rookie PointsJoonas Donskoi
62.6%
Overtime GoalsJoonas Donskoi
62.6%
SOGJames Neal
62.1%
TOI/GPBrian Campbell
60.9%
Hint Answer % Correct
SOGKyle Okposo
60.4%
GAAMichal Neuvirth
59.1%
SV%Michal Neuvirth
59.1%
Faceoff WinsMatt Cullen
58.7%
TOI/GPNick Leddy
58.3%
TOI/GPCam Fowler
57.4%
TakeawaysFilip Forsberg
57.4%
GAAAndrei Vasilevskiy
57.4%
SV%Andrei Vasilevskiy
57.4%
PIMBrian Boyle
57%
Faceoff WinsBrian Boyle
57%
Overtime GoalsBrian Boyle
57%
GAAAntti Raanta
56.6%
PIMRyan Callahan
55.7%
SOGColton Parayko
55.7%
HitsRyan Callahan
55.7%
BlocksColton Parayko
55.7%
TakeawaysColton Parayko
55.7%
Rookie PointsColton Parayko
55.7%
Faceoff WinsMike Fisher
55.3%
Overtime GoalsMike Fisher
55.3%
GoalsTroy Brouwer
54%
PIMTroy Brouwer
54%
HitsTroy Brouwer
54%
Faceoff WinsJori Lehtera
53.6%
+/-Alex Killorn
53.2%
PIMAlex Killorn
53.2%
PIMJay Bouwmeester
53.2%
P/GPJake Muzzin
53.2%
TOI/GPMatt Niskanen
53.2%
TOI/GPJake Muzzin
53.2%
HitsAlex Killorn
53.2%
BlocksJay Bouwmeester
53.2%
AssistsJonathan Drouin
51.9%
PointsJonathan Drouin
51.9%
SV%Jeff Zatkoff
50.6%
TOI/GPJared Spurgeon
50.2%
PIMJustin Abdelkader
49.4%
GAAJames Reimer
48.1%
+/-Colin Wilson
47.2%
P/GPJason Pominville
47.2%
Faceoff WinsValtteri Filppula
46%
+/-Justin Braun
45.1%
BlocksJustin Braun
45.1%
TakeawaysJustin Braun
45.1%
Faceoff WinsRyan Johansen
43.4%
PIMAndrew Shaw
43%
P/GPAndrew Shaw
43%
TOI/GPVincent Trocheck
41.3%
TakeawaysCody Eakin
41.3%
Faceoff WinsCody Eakin
41.3%
Overtime GoalsCody Eakin
41.3%
HitsRoman Polak
40.9%
BlocksRoman Polak
40.9%
+/-Nick Bjugstad
40%
+/-Ian Cole
39.1%
BlocksIan Cole
39.1%
Overtime GoalsJason Garrison
38.3%
+/-Hampus Lindholm
37.9%
HitsBrenden Dillon
37.9%
BlocksBrenden Dillon
37.9%
TOI/GPTravis Hamonic
37.4%
TOI/GPDmitry Kulikov
36.6%
Overtime GoalsTanner Pearson
36.2%
BlocksBrian Dumoulin
35.7%
TOI/GPErik Gudbranson
35.3%
BlocksBen Lovejoy
34.5%
P/GPNino Niederreiter
34%
PIMRadko Gudas
33.2%
GAAJean-Francois Berube
32.8%
SV%Jean-Francois Berube
32.8%
PIMTommy Wingels
31.1%
HitsTommy Wingels
31.1%
+/-Andre Sustr
30.2%
PIMDylan Larkin
29.8%
BlocksBraydon Coburn
29.8%
BlocksCalvin deHaan
29.4%
Overtime GoalsViktor Arvidsson
28.1%
+/-Chris Tierney
27.7%
TakeawaysChris Tierney
27.7%
Faceoff WinsChris Tierney
27.7%
Rookie PointsTom Kuhnhackl
27.7%
HitsTom Kuhnhackl
27.2%
PIMCedric Paquette
26.8%
Faceoff WinsRadek Faksa
24.7%
Rookie PointsRadek Faksa
24.7%
Rookie PointsAlan Quine
23.4%
Overtime GoalsAlan Quine
23.4%
PIMRyan White
23%
Overtime GoalsThomas Hickey
23%
HitsNick Spaling
20.9%
HitsDainius Zubrus
20.4%
Rookie PointsShane Prince
19.1%
BlocksCarl Gunnarsson
18.7%
Rookie PointsMatthias Janmark
18.7%
Rookie PointsRyan Pulock
16.6%
PIMBarret Jackman
16.2%
P/GPRaphael Diaz
13.2%

You're not logged in!

Compare scores with friends on all Sporcle quizzes.
OR
Log In

You Might Also Like...

Show Comments

Extras

Top Quizzes Today


Score Distribution

Your Account Isn't Verified!

In order to create a playlist on Sporcle, you need to verify the email address you used during registration. Go to your Sporcle Settings to finish the process.

Report this User

Report this user for behavior that violates our Community Guidelines.

Details: